Popularne polskie piosenki w tym tygodniu. 11-17.12. - Statystyki

Ogólne statystyki
  • Ten quiz został rozwiązany 7 razy
  • Średni wynik to 13 z 30
Statystyki odpowiedzi
Wykonawca Wyświetlenia Utwór % Poprawnych
Guzior 2.41M BLUEBERRY
86%
Guzior feat. Oskar83 2.34M FALA
86%
Kabe 1.57M Nad ranem
71%
Wiatr feat. Sobel, Be Vis 1.29M Testarossa
71%
Guzior feat. Kukon 931K BOILER ROOM
57%
Alberto 615K Dwutakt
57%
Kubańczyk 1.16M Lady Pank 2
57%
Masno 718K OMAMA
57%
Guzior 1.11M TRAPSTAR
57%
ReTo 625K Billy Kid
43%
Kizo feat. Trill Pem 788K Fitness
43%
Kali x Major feat. Kamelito, Intruz, Dedis, Dawid Obserwator 881K Fuck System
43%
Sobel 658K Impreza
43%
chillwagon 1.15M jeden jeden
43%
Wac Toja 688K Kapitan
43%
Guzior 595K KUSHKOMA
43%
BARANOVSKI 1.19M Lubię być z nią
43%
Pezet feat. Kayah 646K Nisko jest niebo
43%
Syberia Tdw 584K Tango
43%
Dr.SWAG 581K Zerujemy 07
43%
Szpaku feat. Zdechły Osa 1.54M Zły
43%
Kali x Major 703K Mona Lisa
29%
Sanah 711K No sory
29%
Vivat 1.00M Oddam ci wszystko
29%
Ronnie Ferrari 961K Szubienica
29%
Florek feat. Młodypago, Piluś 1.29M Buzi
14%
Dr.SWAG 799K Daj litra
14%
Sanah 836K duszki
14%
Kwestia 07 595K Toksyna
14%
Boys feat. Top Girls, Extazy, BajorekD 579K To zmieni się
14%
Nie znaleziono quizów pasujących do podanych kryteriów
Rozkład punktacji
Procent ludzi z każdym wynikiem
Percentyl według liczby udzielonych odpowiedzi
Twoja historia wyników
Nie rozwiązałeś tego quizu